| 000 | 00000nam 2200000zi 4500 |
| 001 | 9.922034 |
| 003 | CaOODSP |
| 005 | 20230901105211 |
| 006 | m o d f |
| 007 | cr |n||||||||| |
| 008 | 230428e198101 onc o f000 0|eng d |
| 040 | |aCaOODSP|beng|erda|cCaOODSP |
| 043 | |an-cn--- |
| 086 | 1 |aC52-83/1981E-PDF |
| 245 | 00|aFabricated structural steel and steel buildings from Canada. |
| 264 | 1|aOttawa, Canada : |bIron and Steel Division, Department of Industry, Trade and Commerce, |cJanuary 1981. |
| 300 | |a1 online resource (121 pages) |
| 336 | |atext|btxt|2rdacontent |
| 337 | |acomputer|bc|2rdamedia |
| 338 | |aonline resource|bcr|2rdacarrier |
| 500 | |aDigitized edition from print [produced by Innovation, Science and Economic Development Canada]. |
| 500 | |aIssued also in French under title: Acier de construction et bâtiments d'acier du Canada. |
| 650 | 0|aSteel industry and trade|zCanada. |
| 650 | 0|aStructural steel industry|zCanada. |
| 650 | 0|aBuilding, Iron and steel|zCanada. |
| 710 | 1 |aCanada. |bDepartment of Industry, Trade and Commerce, |eissuing body. |
| 775 | 08|tAcier de construction et bâtiments d'acier du Canada.|w(CaOODSP)9.926879 |
| 856 | 40|qPDF|s1.93 MB|uhttps://publications.gc.ca/collections/collection_2023/isde-ised/C52-83-1981-eng.pdf |